Welcome to the Holygrace Academy Library

Please use search bar below to get started

HOW TO BE HAPPY (Record no. 8752)

MARC details
000 -LEADER
fixed length control field 00330nam a22001337a 4500
020 ## - INTERNATIONAL STANDARD BOOK NUMBER
ISBN 978-93-6213-605-3
082 ## - DEWEY DECIMAL CLASSIFICATION NUMBER
Classification number 160
Item number BON/H
100 ## - MAIN ENTRY--AUTHOR NAME
Personal name BOND, RUSKIN
245 ## - TITLE STATEMENT
Title HOW TO BE HAPPY
246 ## - VARYING FORM OF TITLE
Title proper/short title HOW TO BE HAPPY
Remainder of title HOW TO BE HAPPY
260 ## - PUBLICATION, DISTRIBUTION, ETC. (IMPRINT)
Place of publication INDIA
Name of publisher HARPER COLLINS
Year of publication 2024
650 ## - SUBJECT ADDED ENTRY--TOPICAL TERM
Topical Term ENGLISH MOTIVATIONAL BOOKS
942 ## - ADDED ENTRY ELEMENTS (KOHA)
Koha item type Books
Holdings
Withdrawn status Lost status Collection code Home library Current library Shelving location Date acquired Source of acquisition Cost, normal purchase price Full call number Accession Number Koha item type
    Non-fiction Main Library Main Library NEW SHELF WITH NEW ENTRY 04/06/2024 PURCHASED 499.00 160 BON/H 13662 Books